| 000 | 00508nam a2200181Ia 4500 | ||
|---|---|---|---|
| 008 | 090124s9999 xx 000 0 und d | ||
| 082 |
_b30062 _a2841 |
||
| 100 | _aपाटील विश्र्वास. | ||
| 245 | _a रणांगण | ||
| 250 | _a1 | ||
| 260 | _c1999 | ||
| 300 | _a91 | ||
| 600 | _aपाटील विश्र्वास. | ||
| 630 | _a रणांगण | ||
| 700 | _aपाटील विश्र्वास. | ||
| 730 | _a रणांगण | ||
| 942 | _cBOOK | ||
| 999 |
_c143545 _d143545 |
||